Statistiques concernant Lignes de bus RATP de 200 à 299

Cliquez ici pour prendre le quiz!

Statistiques générales

  • Ce quiz a été pris 112 fois
    (85 depuis la dernière actualisation)
  • Le résultat moyen est 34 sur 128

Statistiques - réponses

Lignes RATPRéponse% Correct
258 | 275 | 276 | 278La Défense
58%
249Porte des Lilas
44%
208a | 208bChampigny - Saint-Maur RER
42%
208sChampigny - Saint-Maur RER (circulaire)
42%
210Château de Vincennes
42%
272Gare d'Argenteuil
42%
256 | 268Saint-Denis - Université
42%
259Saint-Germain-en-Laye RER
40%
285Juvisy RER
37%
206 | 207Noisy-le-Grand - Mont d'Est RER
37%
241 | 244Rueil-Malmaison RER
37%
272Sartrouville RER
37%
209Villiers-sur-Marne Le Plessis - Trévise RER
37%
210Villiers-sur-Marne - Le Plessis-Trévise RER
37%
286 | 297Antony RER
35%
253La Courneuve - Aubervilliers RER
35%
262Pont de Bezons
35%
238 | 275Pont de Levallois - Bécon
35%
291Pont de Sèvres
35%
252Porte de la Chapelle
35%
274Saint-Denis RER
35%
211 | 220Torcy RER
35%
217Vitry-sur-Seine RER
35%
251Bobigny - Pablo Picasso
33%
234 | 250Fort d'Aubervilliers
33%
215Gare d'Austerlitz
33%
252 | 269 | 270/Garges - Sarcelles RER
33%
281Joinville-le-Pont RER
33%
203 | 214Neuilly - Plaisance RER
33%
255Porte de Clignancourt
33%
274Porte des Ternes
33%
201Porte Dorée
33%
286Villejuif - Louis Aragon
33%
215Vincennes RER - République
33%
220Bry-sur-Marne RER
30%
206 | 208bLe Plessis-Trévise - Place de Verdun
30%
244Porte Maillot
30%
235Asnières - Gennevilliers - Gabriel Péri
28%
276Asnières- Gennevilliers - Les Courtilles
28%
285 | 292Athis-Mons - Porte de l'Essonne
28%
254Gare de Saint-Denis RER
28%
217Hôtel de Ville de Créteil
28%
289Porte de Saint-Cloud
28%
237Porte de Saint-Ouen - Hôpital Bichat
28%
270Stains - La Cerisaie
28%
235Colombes - Europe
26%
281Créteil - Europarc
26%
294Igny RER
26%
216Marché International de Rungis
26%
241Porte d'Auteuil
26%
258Rueil-Malmaison - La Jonchère
26%
239Saint-Denis - Médiathèque
26%
253Stains - Moulin Neuf
26%
268Villiers-le-Bel - Gonnesse - Arnouville RER
26%
208b/Champigny - Chennevières - Bois l'Abbé
23%
201Champigny - Diderot - La Plage
23%
208aChampigny - Place de la Résistance
23%
213Chelles-Gournay RER
23%
216Denfert Rochereau
23%
249Dugny - Place Valérie André
23%
259Nanterre - Anatole France
23%
239Rosa Parks - Curial
23%
238 | 261/Saint-Gratien RER
23%
291/Vélizy 2
23%
270Villiers-le-Bel RER
23%
221Bagnolet - Gallieni
21%
212Emerainville - Pontault-Combault RER
21%
251Gare d'Aulnay-sous-Bois RER
21%
237Gare d'Epinay-sur-Seine RER
21%
207Hôpital de la Queue-en-Brie
21%
269Hôtel de Ville d'Attainville
21%
290Issy - Val de Seine RER
21%
255Stains - Les Prévoyants
21%
260Suzanne Lenglen
21%
261Bongarde
19%
260Boulogne - Gambetta
19%
212Champs-sur-Marne - Noisy - Champs RER - Descartes
19%
289Clamart - Georges Pompidou
19%
261Gare de Franconville
19%
262Gare de Maisons-Laffitte RER
19%
297Longjumeau - Place Charles Steber
19%
234Mairie de Livry-Gargan
19%
294/Mairie d'Igny
19%
203Neuilly-sur-Marne - Bougainville
19%
221Neuilly-sur-Marne - Pointe de Gournay
19%
213/Noisy - Champs RER - Descartes
19%
209Pontault-Combault - Place de Beilstein
19%
278Bois-Colombes - Les Bruyères
16%
294Pierre Sémard - Chatillon-Montrouge Métro
16%
270/Place du 19 Mars 1962
16%
238/Port de Gennevilliers Centre de Vie
16%
299Porte d'Orléans - Ernest Reyer
16%
292Savigny-sur-Orge - ZAC les Gâtines - Capitaine Jean d'Hers
16%
247Aulnay-sous-Bois - Garonor
14%
292Collège - les Gâtines
14%
214Gagny - Roger Salengro
14%
250Gonesse Fontaine Cypierre - ZI
14%
290La Boursidière
14%
213Lognes - Le Village
14%
299Morangis - Place Lucien Boilleau
14%
211Terre Ciel
14%
238/ZAC des Louvresses
14%
247Drancy - Stade Charles Sage
12%
263Place de la Boule - Gambetta
12%
291Vélizy - La Cheminée
12%
297Chilly-Mazarin - Cimetière
9%
297Longjumeau Léontine Sohier
9%
297Morangis - Square Condorcet
9%
251Bobigny - Benoît Faschon
2%
254 | 256Gare d'Eughien-les-Bains
2%

Distribution des résultats

Percentile par nombre de réponses

% des personnes avec chaque résultat

Votre développement - résultats

Vous n’avez pas pris ce quiz depuis la dernière actualisation